000 01150nam0a22002891 4500
001 rc\2332809
005 20250622233352.0
035 _a(NLR Aleph) 006473306
090 _a5957616
_c5957616
100 _a20110829d1977 |||y0rusy50 ca
101 0 _arus
102 _aRU
105 _ay z |||||
200 1 _aПрименение коптильных препаратов в мясной промышленности
_fМ-во мяс. и мол. пром. СССР. ЦНИИ информации и техн.-экон. исследований
210 _aМосква
_cБ. и.
_d1977
215 _a15 с.
_d22
225 1 _aОбзорная информация
_iСерия: Мясная промышленность
_v№ 2
300 _aНа 2-й с. обл. авт.: Н.Н. Крылова, Л.Ф. Кармышова, А.Н. Петракова [и др.]
320 _aБиблиогр.: с. 14-15
701 1 _aКармышова
_bЛ.Ф.
701 1 _aКрылова
_bН.Н.
701 1 _aПетракова
_bА.Н.
801 0 _aRU
_bNLR
_gpsbo
801 1 _aRU
_bELAR
_2rusmarc
852 _aNLR
_jП10/4906
942 _cBOOK
980 _aNB